Statistiche per Città dell'Australia - Quiz con Mappa

Clicka qui per fare il quiz!

Statistiche generali

  • Questo quiz è stato fatto 1.098 volte
  • Il punteggio medio è 7 su 16

Risposte nella Mappa

Le risposte nella mappa del quiz sottostante sono codificate secondo una scala di colori dal rosso al verde in base alla % di persone che hanno risposto correttamente.
 

Statistiche sulle risposte

Risposta% Corretto
Sydney
72%
Canberra
64%
Melbourne
59%
Perth
59%
Adelaide
50%
Darwin
48%
Brisbane
47%
Alice Springs
45%
Hobart
45%
Cairns
36%
Broome
27%
Kalgoorlie
27%
Rockhampton
26%
Exmouth
25%
Mount Isa
25%
Mildura
22%

Distribuzione punteggi

Percentile per numero di risposta

Percentuale di utenti per punteggio

I tuoi punteggi nel tempo

Non hai fatto questo quiz